Detalles MARC
| 000 -CABECERA |
| campo de control de longitud fija |
02237nam a2200397 i 4500 |
| 003 - IDENTIFICADOR DEL NÚMERO DE CONTROL |
| campo de control |
DO-SdBNP |
| 005 - FECHA Y HORA DE LA ÚLTIMA TRANSACCIÓN |
| campo de control |
20250623123022.0 |
| 006 - CÓDIGOS DE INFORMACIÓN DE LONGITUD FIJA--CARACTERÍSTICAS DEL MATERIAL ADICIONAL |
| campo de control de longitud fija |
a||||gr|||| 00| 0 |
| 007 - CAMPO FIJO DE DESCRIPCIÓN FÍSICA--INFORMACIÓN GENERAL |
| campo de control de longitud fija |
ta |
| 008 - DATOS DE LONGITUD FIJA--INFORMACIÓN GENERAL |
| campo de control de longitud fija |
221129e200? dr ao||gr||||s001 0 spa d |
| 040 ## - FUENTE DE LA CATALOGACIÓN |
| Centro catalogador/agencia de origen |
DO-SdBNP |
| Lengua de catalogación |
spa |
| Centro/agencia transcriptor |
BNPHU |
| Normas de descripción |
rda |
| 082 #4 - NÚMERO DE LA CLASIFICACIÓN DECIMAL DEWEY |
| Número de edición |
22 |
| Número de documento/Ítem |
O39u |
| 245 00 - MENCIÓN DE TÍTULO |
| Título |
OISOE: |
| Resto del título |
un período de realizaciones / |
| Mención de responsabilidad, etc. |
Hernani Salazar; Textos, Adolfo Salomón, Hilman Pimentel, Francisco García, Máximo Zabala, Wascar Iván Ruiz, Coordinadores, Rafael Santos Pérez, Rafael Santos Capellán; Fotografías, Pedro de la Cruz, Domingo de la Cruz, Alberto Quiroz, Carmen Suarez. |
| 264 #1 - PRODUCCIÓN, PUBLICACIÓN, DISTRIBUCIÓN, FABRICACIÓN Y COPYRIGHT |
| Producción, publicación, distribución, fabricación y copyright |
Santo Domingo : |
| Nombre del de productor, editor, distribuidor, fabricante |
Oficina de Ingenieros Supervisores de Obras del Estado, |
| Fecha de producción, publicación, distribución, fabricación o copyright |
[200?] |
| 300 ## - DESCRIPCIÓN FÍSICA |
| Extensión |
409 páginas : |
| Otras características físicas |
ilustraciones, gráficas, fotografías : |
| Dimensiones |
29 cm. |
| 336 ## - TIPO DE CONTENIDO |
| Fuente |
rdacontent |
| Término de tipo de contenido |
texto |
| Código de tipo de contenido |
txt |
| 337 ## - TIPO DE MEDIO |
| Fuente |
rdamedia |
| Nombre/término del tipo de medio |
sin mediación |
| Código del tipo de medio |
n |
| 338 ## - TIPO DE SOPORTE |
| Fuente |
rdacarrier |
| Nombre/término del tipo de soporte |
volumen |
| Código del tipo de soporte |
nc |
| 505 ## - NOTA DE CONTENIDO CON FORMATO |
| Nota de contenido con formato |
Presentación. |
| Título |
Distrito Nacional.-- |
| -- |
Provincia Santo Domingo.-- |
| -- |
Provincia Santiago.-- |
| -- |
Provincia Duarte.-- |
| -- |
Provincia La Vega.-- |
| -- |
Provincia Espaillat.-- |
| -- |
Provincia María Trinidad Sánchez.-- |
| -- |
Provincia Samaná.-- |
| -- |
Provincia Sánchez Ramírez.-- |
| -- |
Provincia Salcedo.-- |
| -- |
Provincia Mao y Dajabón.-- |
| -- |
Provincia .-- |
| -- |
Puerto Plata.-- |
| -- |
Provincia Peravia y Ocoa.-- |
| -- |
Provincia Sancristóbal.-- |
| -- |
Provincia Azua.-- |
| -- |
Región Sur Largo. |
| -- |
Región Este. |
| 590 ## - NOTA LOCAL (RLIN) |
| Nota local |
Inventariado 2024 / MF |
| 651 #4 - PUNTO DE ACCESO ADICIONAL DE MATERIA--NOMBRE GEOGRÁFICO |
| 9 (RLIN) |
19109 |
| Nombre geográfico |
República Dominicana |
| Subdivisión general |
Obras públicas |
| 651 #4 - PUNTO DE ACCESO ADICIONAL DE MATERIA--NOMBRE GEOGRÁFICO |
| 9 (RLIN) |
80168 |
| Nombre geográfico |
República Dominicana |
| Subdivisión general |
Administración pública |
| Subdivisión cronológica |
2000- 2004 |
| 700 #2 - PUNTO DE ACCESO ADICIONAL--NOMBRE DE PERSONA |
| Nombre de persona |
Salazar, Armani |
| 9 (RLIN) |
82922 |
| 700 1# - PUNTO DE ACCESO ADICIONAL--NOMBRE DE PERSONA |
| Nombre de persona |
Salomón, Adolfo, |
| Término indicativo de función/relación |
texto |
| 9 (RLIN) |
82923 |
| 700 1# - PUNTO DE ACCESO ADICIONAL--NOMBRE DE PERSONA |
| Nombre de persona |
Pimentel, Hilman, |
| Término indicativo de función/relación |
texto |
| 9 (RLIN) |
82924 |
| 700 1# - PUNTO DE ACCESO ADICIONAL--NOMBRE DE PERSONA |
| 9 (RLIN) |
49062 |
| Nombre de persona |
García, Francisco, |
| Término indicativo de función/relación |
texto |
| 700 1# - PUNTO DE ACCESO ADICIONAL--NOMBRE DE PERSONA |
| Nombre de persona |
Zabala, Máximo, |
| Término indicativo de función/relación |
texto |
| 9 (RLIN) |
82925 |
| 700 1# - PUNTO DE ACCESO ADICIONAL--NOMBRE DE PERSONA |
| Nombre de persona |
Santos Pérez, Rafael, |
| Término indicativo de función/relación |
coordinador |
| 9 (RLIN) |
82926 |
| 700 1# - PUNTO DE ACCESO ADICIONAL--NOMBRE DE PERSONA |
| Nombre de persona |
Santos, Rafael, |
| Fechas asociadas al nombre |
1968- |
| Término indicativo de función/relación |
coordinador |
| 9 (RLIN) |
43510 |
| 700 1# - PUNTO DE ACCESO ADICIONAL--NOMBRE DE PERSONA |
| Nombre de persona |
Cruz, Pedro, de la, |
| Término indicativo de función/relación |
fotógrafías |
| 9 (RLIN) |
82927 |
| 700 1# - PUNTO DE ACCESO ADICIONAL--NOMBRE DE PERSONA |
| 9 (RLIN) |
54824 |
| Nombre de persona |
Cruz, Domingo, de la, |
| Término indicativo de función/relación |
fotógrafías |
| 700 1# - PUNTO DE ACCESO ADICIONAL--NOMBRE DE PERSONA |
| Nombre de persona |
Quiroz, Alberto, |
| Término indicativo de función/relación |
fotografías |
| 9 (RLIN) |
82928 |
| 700 1# - PUNTO DE ACCESO ADICIONAL--NOMBRE DE PERSONA |
| Nombre de persona |
Suárez, Carmen |
| Término indicativo de función/relación |
fotografías |
| 9 (RLIN) |
82929 |
| 710 1# - PUNTO DE ACCESO ADICIONAL--NOMBRE DE ENTIDAD CORPORATIVA |
| 9 (RLIN) |
36723 |
| Nombre de entidad corporativa o nombre de jurisdicción como elemento de entrada |
República Dominicana. |
| Unidad subordinada |
Oficina de Ingenieros Supervisores de Obras del Estado. |
| 942 ## - ELEMENTOS DE PUNTO DE ACCESO ADICIONAL (KOHA) |
| Fuente del sistema de clasificación o colocación |
Dewey Decimal Classification |
| Tipo de ítem Koha |
Libro |